[Event "European Blitz 2022"]
[Site "Katowice POL"]
[Date "2022.12.16"]
[Round "14.77"]
[White "Ternault, Mathieu"]
[Black "Bergsson, Stefan"]
[Result "1-0"]
[WhiteTitle "FM"]
[WhiteElo "2351"]
[BlackElo "2172"]
[WhiteFideId "20641532"]
[BlackFideId "2301393"]
[EventDate "2022.12.16"]

1. d4 Nf6 2. Nf3 g6 3. Nbd2 d5 4. e3 Bg7 5. b4 O-O 6. c4 a5 7. b5 dxc4 8. Bxc4
Nbd7 9. a4 Nb6 10. Be2 Bf5 11. O-O Qd5 12. Bb2 Rfd8 13. Qb3 Ne4 14. Rfc1 Rac8
15. Qxd5 Nxd5 16. Nc4 b6 17. Nfe5 Nb4 18. f3 Nd6 19. e4 Be6 20. Ne3 Bxe5 21.
dxe5 Nb7 22. Bc4 Bxc4 23. Rxc4 Nc5 24. Ba3 Rd2 25. Bxb4 axb4 26. Rxb4 e6 27. Rc4
Rcd8 28. a5 Nd3 29. Rxc7 bxa5 30. b6 Rb2 31. b7 Rb8 32. Rc8+ Kg7 33. Rxb8 Nf4
34. Kh1 Kh6 35. g3 Nh3 36. Ng4+ Kg5 37. Ra8 Rxb7 38. R8xa5 h5 39. Ne3 Rb3 40.
R5a3 Rb2 41. R1a2 Rb1+ 42. Kg2 Ng1 43. Ra1 Rxa1 44. Rxa1 Ne2 45. h4+ Kh6 46. Kf2
Nc3 47. Ra7 Kg7 48. Nc4 Nb5 49. Rb7 Nd4 50. Nd6 Nc2 51. Rxf7+ Kh6 52. Re7 Nd4
53. Nf7+ Kg7 54. Ng5+ Kf8 55. Nxe6+ Kxe7 56. Nxd4 Kf7 57. Ke3 Ke7 58. f4 Kf7 59.
f5 gxf5 60. exf5 Kg7 61. Kf4 Kh6 62. e6 Kg7 63. Kg5 Kh7 64. f6 Kg8 65. e7 Kf7
66. Nf5 Kg8 67. e8=Q+ Kh7 68. Qg6+ Kh8 69. Qg7# 1-0

[Event "European Blitz 2022"]
[Site "Katowice POL"]
[Date "2022.12.16"]
[Round "14.78"]
[White "Kushnir, Oleg"]
[Black "Karas, Marek"]
[Result "0-1"]
[BlackTitle "FM"]
[WhiteElo "1554"]
[BlackElo "2240"]
[WhiteFideId "148062099"]
[BlackFideId "14928558"]
[EventDate "2022.12.16"]

1. d4 Nf6 2. c4 c5 3. e3 g6 4. Nf3 Bg7 5. Nc3 cxd4 6. exd4 O-O 7. Be2 d5 8. O-O
Nc6 9. h3 b6 10. Bg5 dxc4 11. Bxc4 Bb7 12. Be3 Nb4 13. Re1 Rc8 14. Ne5 Nfd5 15.
Nxd5 Nxd5 16. Bf1 e6 17. a3 Qe7 18. Rc1 Rxc1 19. Qxc1 Rc8 20. Qd2 Qc7 21. Rc1
Qxc1 22. Qxc1 Rxc1 23. Bxc1 f6 24. Nd3 Ba6 25. Nb4 Nxb4 26. axb4 Bxf1 27. Kxf1
b5 28. Ke2 Kf7 29. Kd3 f5 30. Bf4 Ke8 31. Bb8 a6 32. Ba7 Kd7 33. Bc5 Kc6 34. b3
Kd5 35. f4 Bf6 36. Ke3 Bh4 37. g4 fxg4 38. hxg4 h5 39. Kf3 Be1 40. f5 hxg4+ 41.
Kxg4 gxf5+ 42. Kf4 Bf2 43. Kg5 Bxd4 44. Be7 Be3+ 45. Kf6 f4 46. Kf7 f3 47. Bh4
f2 48. Bxf2 Bxf2 49. Ke7 e5 50. Kd7 Be1 51. Kc7 Bxb4 0-1

[Event "European Blitz 2022"]
[Site "Katowice POL"]
[Date "2022.12.16"]
[Round "14.79"]
[White "Kondys, Piotr"]
[Black "Marn, Jan"]
[Result "0-1"]
[BlackTitle "FM"]
[WhiteElo "1905"]
[BlackElo "2332"]
[WhiteFideId "21885575"]
[BlackFideId "14619245"]
[EventDate "2022.12.16"]

1. e4 e5 2. Nf3 Nc6 3. d4 exd4 4. Nxd4 Nf6 5. Nc3 Nxe4 6. Nxe4 Qe7 7. Bd3 Nxd4
8. O-O d5 9. Nc3 c6 10. Re1 Ne6 11. Ne2 Qf6 12. c4 Bc5 13. Nf4 O-O 14. Qf3 Nxf4
15. Qxf4 Qxf4 16. Bxf4 Be6 17. Rac1 Bb4 18. Red1 Rad8 19. cxd5 Bxd5 20. Bb1 Rfe8
21. Be3 b6 22. Kf1 Be7 23. a3 Bf6 24. Rd2 c5 25. Rcd1 Bc4+ 26. Kg1 Bb3 27. Rxd8
Rxd8 28. Rxd8+ Bxd8 29. Bc1 Bf6 30. g3 Bd4 31. Kg2 g6 32. f4 f5 33. Bd3 Kf7 34.
Kf3 Ke6 35. h3 c4 36. Be2 Kd5 37. g4 Bc2 38. gxf5 Bxf5 39. h4 h5 40. Kg2 b5 41.
Bf3+ Kc5 42. Bd2 Bxb2 43. Bb4+ Kb6 44. Kf2 c3 45. Ke3 c2 0-1

[Event "European Blitz 2022"]
[Site "Katowice POL"]
[Date "2022.12.16"]
[Round "14.80"]
[White "Sowinski, Pawel"]
[Black "Luczak, Filip"]
[Result "1-0"]
[BlackTitle "FM"]
[WhiteElo "2064"]
[BlackElo "2326"]
[WhiteFideId "21881979"]
[BlackFideId "1193686"]
[EventDate "2022.12.16"]

1. e4 g6 2. d4 Bg7 3. Nc3 c5 4. Nf3 Nc6 5. Be3 Qb6 6. Nb5 cxd4 7. Nfxd4 Nxd4 8.
Bxd4 Bxd4 9. Qxd4 Qxd4 10. Nxd4 d6 11. Bd3 Bd7 12. c4 Nf6 13. Ke2 e5 14. Nc2 Ke7
15. f3 Rhc8 16. b3 Be6 17. a4 a5 18. Ne3 Nd7 19. Bc2 Nc5 20. g4 f6 21. h4 h6 22.
h5 g5 23. Rhd1 Ra6 24. Rd2 Rb6 25. Rb1 Rd8 26. Nd1 Bd7 27. Nc3 Bc6 28. Bd1 Ne6
29. Rdb2 Kd7 30. Ke3 Kc7 31. Be2 Ra8 32. Na2 Nd4 33. Bd3 Bd7 34. b4 axb4 35.
Nxb4 Rxb4 36. Rxb4 Ra7 37. a5 Bc6 38. Ra1 Ne6 39. Rb2 Nc5 40. Bc2 Bd7 41. Rb4
Bc6 42. Rb2 Bd7 43. Rb5 Ra8 44. Rb4 Ra7 45. Bd1 Bc6 46. Be2 Bd7 47. Ra3 Bc6 48.
Rb5 Bxb5 49. cxb5 Kd7 50. Bc4 Ra8 51. Bd5 Kc7 52. Kd2 Kc8 53. Kc3 Kc7 54. Kb4
Kc8 55. Rc3 Kd7 56. b6 Rb8 57. Kb5 Ke7 58. Rc1 Kd7 59. Rc3 Ke7 60. Rxc5 dxc5 61.
Kxc5 Kd7 62. Kb5 Kd6 63. a6 bxa6+ 64. Kxa6 Kc5 65. b7 Kd6 66. Kb6 Rd8 67. Bc6
Rb8 68. Bb5 Rd8 69. Bc4 Rb8 70. Bf7 Rd8 71. Bg6 Rb8 72. Bf5 Ke7 73. Kc7 Rd8 74.
b8=Q 1-0

[Event "European Blitz 2022"]
[Site "Katowice POL"]
[Date "2022.12.16"]
[Round "14.81"]
[White "Pein, Jonathan"]
[Black "Ribeiro, Gustavo"]
[Result "0-1"]
[WhiteTitle "CM"]
[WhiteElo "2252"]
[BlackElo "1836"]
[WhiteFideId "417092"]
[BlackFideId "1941852"]
[EventDate "2022.12.16"]

1. e4 c5 2. g3 g6 3. Bg2 Bg7 4. Ne2 Nc6 5. O-O d6 6. c3 e5 7. a3 Bg4 8. h3 Be6
9. b4 Qd7 10. Kh2 Nge7 11. d3 O-O 12. Be3 cxb4 13. axb4 f5 14. f4 exf4 15. Nxf4
fxe4 16. Nxe6 Qxe6 17. Bxe4 d5 18. Bg2 Qxe3 19. Re1 Qg5 20. Nd2 Be5 21. Nf1 Rxf1
22. Rxf1 Qxg3+ 23. Kg1 Qh2+ 24. Kf2 Rf8+ 25. Ke3 d4+ 26. cxd4 Bxd4+ 27. Ke4 Qe5# 0-1

[Event "European Blitz 2022"]
[Site "Katowice POL"]
[Date "2022.12.16"]
[Round "14.82"]
[White "Trzebinski, Patryk"]
[Black "Bauer, Thomas"]
[Result "1-0"]
[BlackTitle "CM"]
[WhiteElo "1792"]
[BlackElo "2145"]
[WhiteFideId "21839034"]
[BlackFideId "1639293"]
[EventDate "2022.12.16"]

1. e4 c5 2. Nf3 d6 3. d4 cxd4 4. Qxd4 Nc6 5. Bb5 Bd7 6. Bxc6 Bxc6 7. Nc3 e5 8.
Qd3 Be7 9. O-O h6 10. Be3 Nf6 11. Rfd1 O-O 12. Nd2 Qc8 13. f3 Rd8 14. Nd5 Nxd5
15. exd5 Bd7 16. c4 Bf5 17. Qc3 b6 18. a4 Bg5 19. a5 Qc7 20. Bxg5 hxg5 21. Qe3
f6 22. Rdc1 Rdb8 23. a6 Qc5 24. Kf2 Kf7 25. Ra3 Rh8 26. h3 Qc8 27. b4 Bxh3 28.
gxh3 Qxh3 29. Nf1 Qh4+ 30. Ke2 Qh1 31. c5 bxc5 32. bxc5 Rab8 33. Ra2 Qg2+ 34.
Qf2 Qh3 35. cxd6 Qf5 36. Qxa7+ Kg6 37. Qe3 Rb4 38. a7 Ra8 39. Ng3 Qh3 40. Qd3+
f5 41. Qxf5+ Qxf5 42. Nxf5 Kxf5 43. d7 Rh4 44. d8=Q Rxd8 45. a8=Q 1-0

[Event "European Blitz 2022"]
[Site "Katowice POL"]
[Date "2022.12.16"]
[Round "14.83"]
[White "Koziorowicz, Michal"]
[Black "Dwilewicz, Katarzyna"]
[Result "1-0"]
[WhiteTitle "FM"]
[BlackTitle "WFM"]
[WhiteElo "2348"]
[BlackElo "2123"]
[WhiteFideId "21809194"]
[BlackFideId "1148486"]
[EventDate "2022.12.16"]

1. e4 c5 2. Nf3 e6 3. g3 Nc6 4. Bg2 Nf6 5. Nc3 d5 6. exd5 exd5 7. d4 Bg4 8. O-O
cxd4 9. Nb5 Be7 10. Nbxd4 O-O 11. Be3 h6 12. h3 Bd7 13. c3 Re8 14. Kh2 Bd6 15.
Nh4 Ne4 16. Nhf5 Be5 17. Qg4 Qf6 18. Nxh6+ Qxh6 19. Qxd7 Qg6 20. Qg4 Qxg4 21.
hxg4 Nf6 22. Bf3 g6 23. g5 Ne4 24. Rad1 Kg7 25. Kg2 Na5 26. b3 Rac8 27. Ne2 Red8
28. c4 d4 29. Bxe4 dxe3 30. f4 Bd6 31. Kf3 Bc5 32. g4 Nc6 33. Bxc6 bxc6 34. f5
gxf5 35. gxf5 Rd2 36. Rxd2 exd2 37. Rd1 Re8 38. Rxd2 Re3+ 39. Kg4 Re4+ 40. Kf3
Re3+ 41. Kf4 Rh3 42. Rd1 Rh2 43. Nc3 Rc2 44. Ne4 Bb6 45. f6+ Kg6 46. Rh1 Bc7+
47. Kg4 Rg2+ 48. Kf3 Rxa2 49. Rh6+ Kf5 50. Rh7 Rb2 51. Nc5 Bd6 52. Nd3 Rxb3 53.
Ke2 Bf4 54. Nxf4 Kxf4 55. Rxf7 Kxg5 56. Rf8 Rb7 57. Kd3 Rd7+ 58. Ke4 a5 59. Ke5
a4 60. Rg8+ Kh6 61. Ke6 Rd1 62. f7 Re1+ 63. Kd6 Rf1 64. f8=Q+ 1-0

[Event "European Blitz 2022"]
[Site "Katowice POL"]
[Date "2022.12.16"]
[Round "14.84"]
[White "Domenech, Vianney"]
[Black "Radecki, Adam"]
[Result "1-0"]
[WhiteElo "2249"]
[BlackElo "2012"]
[WhiteFideId "656089"]
[BlackFideId "1197347"]
[EventDate "2022.12.16"]

1. d4 Nf6 2. Bf4 c5 3. d5 d6 4. Nc3 Bf5 5. f3 h6 6. e4 Bh7 7. Qd2 Nbd7 8. a4 Qb6
9. a5 Qd8 10. a6 b6 11. Bb5 Rb8 12. Nge2 g5 13. Be3 Bg7 14. h4 g4 15. Bxh6 Bxh6
16. Qxh6 gxf3 17. gxf3 Rg8 18. O-O-O Qc7 19. Rdg1 Rxg1+ 20. Rxg1 Kd8 21. Rg7 e6
22. Bxd7 1-0

[Event "European Blitz 2022"]
[Site "Katowice POL"]
[Date "2022.12.16"]
[Round "14.85"]
[White "Kastelik, Adrian"]
[Black "Myrmus, Mateusz"]
[Result "1-0"]
[WhiteElo "2091"]
[BlackElo "2012"]
[WhiteFideId "1134701"]
[BlackFideId "21825335"]
[EventDate "2022.12.16"]

1. e4 e6 2. d4 d5 3. e5 c5 4. Qg4 cxd4 5. Nf3 Nc6 6. Bd3 Nge7 7. O-O Ng6 8. Re1
Be7 9. a3 Bd7 10. b4 a6 11. Bb2 Rc8 12. Nbd2 O-O 13. Nb3 Qc7 14. Bxd4 Nxd4 15.
Nbxd4 Qd8 16. Rac1 Rc3 17. Ra1 a5 18. Ne2 Rc8 19. b5 a4 20. Qxa4 Qc7 21. Qd4 Bc5
22. Qb2 Ra8 23. a4 Qb6 24. Ned4 Nf4 25. Bf1 f6 26. c3 Ng6 27. Nb3 Nxe5 28. Nxe5
fxe5 29. Nxc5 Qxc5 30. Rxe5 Rac8 31. c4 Rf4 32. cxd5 Rcf8 33. dxe6 Qb6 34. Bc4
Rxf2 35. e7+ 1-0

[Event "European Blitz 2022"]
[Site "Katowice POL"]
[Date "2022.12.16"]
[Round "14.86"]
[White "Polster, Christian"]
[Black "Piotrowski, Daniel"]
[Result "1-0"]
[WhiteTitle "FM"]
[WhiteElo "2235"]
[BlackElo "1763"]
[WhiteFideId "12965081"]
[BlackFideId "21815780"]
[EventDate "2022.12.16"]

1. e4 c5 2. Nc3 Nc6 3. Nge2 e6 4. g3 g6 5. d4 cxd4 6. Nxd4 Bg7 7. Ndb5 a6 8.
Nd6+ Ke7 9. Bg2 Qc7 10. Nc4 d6 11. Bf4 Bxc3+ 12. bxc3 e5 13. Bc1 Be6 14. Ne3 Na5
15. O-O f6 16. Bh3 Bf7 17. Ba3 Nc4 18. Nxc4 Bxc4 19. Re1 Nh6 20. Qd2 Nf7 21. f4
Be6 22. Bxe6 Kxe6 23. Rad1 Rhd8 24. Qd5+ Ke7 25. Rf1 Qc6 26. fxe5 Qxd5 27. exf6+
Ke6 28. exd5+ Kd7 29. Rde1 Re8 30. c4 Rac8 31. c5 dxc5 32. Rxe8 Rxe8 33. c4 b6
34. Kf2 Ne5 35. Kg2 Nxc4 36. Bc1 Nd6 37. Bh6 Nf7 38. Bg7 Re5 39. a4 Kd6 40. Rb1
Kc7 41. d6+ Nxd6 42. Kf3 Nf7 43. Kf4 Kc6 44. h4 b5 45. axb5+ axb5 46. Ra1 Kb6
47. Ra8 Rd5 48. Rf8 Rd4+ 49. Ke3 Ne5 50. Re8 Nd7 51. Re7 b4 52. f7 b3 53. Bxd4
cxd4+ 54. Kxd4 b2 55. Re1 Nf8 56. Rb1 Kc6 57. Rxb2 Kd7 58. Re2 Ne6+ 59. Rxe6 1-0

[Event "European Blitz 2022"]
[Site "Katowice POL"]
[Date "2022.12.16"]
[Round "14.87"]
[White "Peyrer, Konstantin"]
[Black "Przybys, Bruno"]
[Result "1-0"]
[WhiteTitle "FM"]
[WhiteElo "2380"]
[BlackElo "1401"]
[WhiteFideId "1640879"]
[BlackFideId "21056048"]
[EventDate "2022.12.16"]

1. d4 d5 2. Nf3 c6 3. c4 Nf6 4. Nc3 dxc4 5. a4 Bf5 6. Ne5 Nbd7 7. Nxc4 Nb6 8.
Ne5 e6 9. f3 Nfd5 10. e4 Nxc3 11. bxc3 Bg6 12. h4 Be7 13. h5 Bh4+ 14. g3 Bxg3+
15. Ke2 Bxe5 16. dxe5 Qxd1+ 17. Kxd1 Rd8+ 18. Ke1 Nd7 19. hxg6 fxg6 20. f4 Nc5
21. Bc4 O-O 22. Be3 Nd3+ 23. Bxd3 Rxd3 24. Ke2 Rxc3 25. Rhb1 b6 26. a5 Rd8 27.
Rd1 Rc2+ 28. Kf3 Rb8 29. axb6 axb6 30. Bxb6 Rc3+ 31. Be3 h5 32. Rdc1 Rd3 33.
Rxc6 Rbb3 34. Re1 h4 35. Rc2 Kh7 36. Rh2 g5 37. fxg5 Kg6 38. Rxh4 Rdc3 39. Rh8
Rd3 40. Re8 Kf7 41. Rc8 Rd7 42. Rc6 Ke7 43. Kf4 Rd8 44. Bc5+ Kf7 45. Rg1 Rdd3
46. g6+ Ke8 47. Rxe6+ Kd7 48. Rd6+ Rxd6 49. Bxd6 Ke6 50. Bf8 Rb7 51. Rg5 Rd7 52.
Rf5 Rb7 53. Bxg7 Rxg7 54. Rf6+ Ke7 55. Kf5 Rg8 56. Rf7+ Ke8 57. e6 Kd8 58. g7
Ke8 59. Kf6 Kd8 1-0

[Event "European Blitz 2022"]
[Site "Katowice POL"]
[Date "2022.12.16"]
[Round "14.88"]
[White "Pavlidou, Ekaterini"]
[Black "Horvath, Dominik"]
[Result "0-1"]
[WhiteTitle "WIM"]
[BlackTitle "IM"]
[WhiteElo "2178"]
[BlackElo "2502"]
[WhiteFideId "4213262"]
[BlackFideId "1642561"]
[EventDate "2022.12.16"]

1. d4 Nf6 2. c4 e6 3. Nc3 Bb4 4. e3 O-O 5. Ne2 c6 6. a3 Ba5 7. c5 d5 8. cxd6
Qxd6 9. b4 Bc7 10. g3 e5 11. Bg2 Bf5 12. Bb2 Nbd7 13. Rc1 Rfe8 14. d5 Rac8 15.
dxc6 bxc6 16. O-O Bd3 17. Re1 c5 18. Na4 c4 19. Nec3 a6 20. Bf1 e4 21. Ne2 Ng4
22. Nd4 Nde5 23. Nc5 Qh6 24. h3 Bxf1 25. hxg4 Bd3 26. Nxd3 cxd3 27. Nf5 Qe6 28.
Kg2 g6 29. Nd4 Qxg4 30. Qxg4 Nxg4 31. Rc5 Bb6 32. Rxc8 Rxc8 0-1

[Event "European Blitz 2022"]
[Site "Katowice POL"]
[Date "2022.12.16"]
[Round "14.89"]
[White "Gretarsson, Helgi Ass"]
[Black "Adamczewski, Maciej"]
[Result "1-0"]
[WhiteTitle "GM"]
[WhiteElo "2451"]
[BlackElo "2071"]
[WhiteFideId "2300699"]
[BlackFideId "1148702"]
[EventDate "2022.12.16"]

1. d4 Nf6 2. c4 g6 3. Nc3 Bg7 4. e4 d6 5. f4 O-O 6. Nf3 c5 7. dxc5 dxc5 8. Bd3
Nc6 9. e5 Ne8 10. Be3 Qa5 11. Be4 Nc7 12. O-O Rd8 13. Qa4 Qb4 14. Bxc6 bxc6 15.
Qxc6 Qb6 16. Qxc5 Qb7 17. Qxe7 Be6 18. Rfd1 Re8 19. Qa3 Bxc4 20. b3 Be6 21. Ng5
Bg4 22. Rd2 Bf8 23. Bc5 Bh6 24. Nce4 Bxg5 25. fxg5 Ne6 26. Nf6+ Kg7 27. Nxe8+
Rxe8 28. Qxa7 Qe4 29. Rf1 Nxg5 30. h4 Ra8 31. Qe7 Nf3+ 32. gxf3 Bxf3 33. Qf6+ 1-0

[Event "European Blitz 2022"]
[Site "Katowice POL"]
[Date "2022.12.16"]
[Round "14.90"]
[White "Piesik, Piotr"]
[Black "Dubnevych, Maksym"]
[Result "1-0"]
[WhiteTitle "IM"]
[WhiteElo "2420"]
[BlackElo "2139"]
[WhiteFideId "1136194"]
[BlackFideId "14184001"]
[EventDate "2022.12.16"]

1. Nf3 Nf6 2. g3 d5 3. Bg2 e6 4. O-O Be7 5. d3 O-O 6. Nbd2 b6 7. e4 dxe4 8. dxe4
Nc6 9. Qe2 e5 10. c3 Bb7 11. Rd1 Qc8 12. Nb3 a5 13. a4 Ba6 14. Qc2 Bc4 15. Bg5
h6 16. Bxf6 Bxf6 17. Nfd2 Be6 18. Bf1 Be7 19. Nc4 f5 20. exf5 Bxf5 21. Bd3 Bg4
22. Re1 Qe6 23. Ne3 Kh8 24. Nxg4 Qxg4 25. Be4 Qe6 26. Rad1 Rad8 27. Nc1 Bc5 28.
Rxd8 Nxd8 29. Nd3 Bd6 30. Qe2 Nf7 31. h4 c5 32. Rd1 c4 33. Ne1 Bc5 34. Kg2 Nd6
35. f3 Qe8 36. Rd5 Qe6 37. Nc2 Ne8 38. Qxc4 Nf6 39. Rxc5 Qd6 40. Rc8 Qd2+ 41.
Kf1 Qd1+ 42. Ne1 Qd6 43. Rxf8+ Qxf8 44. Kg2 Qd8 45. Nd3 Nd7 46. Qd5 Qe8 47. Qd6
Nf6 48. Nf2 Qxa4 49. Qf8+ 1-0

[Event "European Blitz 2022"]
[Site "Katowice POL"]
[Date "2022.12.16"]
[Round "14.91"]
[White "Herega, Nejc"]
[Black "Plaskan, Jure"]
[Result "1/2-1/2"]
[WhiteElo "2164"]
[BlackElo "2241"]
[WhiteFideId "14634058"]
[BlackFideId "14605252"]
[EventDate "2022.12.16"]

1. Nf3 Nf6 2. c4 e6 3. g3 d5 4. d4 Bb4+ 5. Bd2 a5 6. Bg2 O-O 7. a3 Be7 8. O-O
dxc4 9. a4 Bd7 10. Qc2 Bc6 11. Qxc4 Nbd7 12. Nc3 Nb6 13. Qb3 Ne4 14. Bf4 Bd6 15.
Ne5 Bxe5 16. dxe5 Nxc3 17. bxc3 Bxg2 18. Kxg2 Qd5+ 19. Qxd5 Nxd5 20. c4 Nxf4+
21. gxf4 Rfd8 22. Rfd1 b6 23. Rac1 Kf8 24. e3 Ke7 25. c5 Rxd1 26. Rxd1 bxc5 27.
Rc1 Ra6 28. Rxc5 c6 29. e4 Kd7 30. f5 Kc7 31. f4 Kb6 32. Rc2 exf5 33. exf5 Ra7
34. Kf3 c5 35. Rd2 c4 36. Ke4 Kc5 37. Rc2 g6 38. f6 Rd7 39. e6 fxe6 40. Ke5 Rd5+
41. Kxe6 Rf5 42. Rb2 c3 43. Rb5+ Kc6 44. Rxf5 c2 45. f7 c1=Q 46. f8=Q Qc4+ 47.
Ke7 Qb4+ 48. Ke8 gxf5 49. Qf6+ Kb7 50. Qf7+ Kc6 51. Qxf5 Qb8+ 52. Ke7 Qc7+ 53.
Kf8 Qd8+ 54. Kg7 Qc7+ 55. Kh6 Qd6+ 56. Kxh7 Qd2 57. Qg6+ Kc5 58. Qg5+ Kb4 59.
Qb5+ Ka3 60. f5 Qxh2+ 61. Kg6 Qg3+ 62. Kf7 Qc7+ 63. Ke6 Qc8+ 64. Ke5 Qc7+ 65.
Ke4 Qe7+ 66. Kd4 Qf6+ 67. Kc4 Qf7+ 68. Qd5 Qh5 69. Qxa5 Qe2+ 70. Kc5 Qf2+ 71.
Kd6 Qd4+ 72. Kc6 Qf6+ 73. Kd7 Qf7+ 74. Kc8 Qf8+ 75. Kb7 Qf7+ 76. Ka6 Qf6+ 77.
Kb7 Qf7+ 78. Kc6 Qf6+ 79. Kb7 Qf7+ 80. Qc7 Qxf5 81. a5 Qb5+ 82. Ka7 Ka4 83. a6
Qd5 84. Qc2+ Ka5 85. Qc3+ Kb5 86. Qb2+ Ka5 87. Qa3+ Kb5 88. Qe7 Qd4+ 89. Kb7
Qd5+ 90. Kc7 Kxa6 1/2-1/2

[Event "European Blitz 2022"]
[Site "Katowice POL"]
[Date "2022.12.16"]
[Round "14.92"]
[White "Pidluznij, Gleb"]
[Black "Pein, Malcolm"]
[Result "1/2-1/2"]
[BlackTitle "IM"]
[WhiteElo "2159"]
[BlackElo "2302"]
[WhiteFideId "12817082"]
[BlackFideId "400289"]
[EventDate "2022.12.16"]

1. Nf3 Nf6 2. d4 c5 3. d5 g6 4. g3 Bg7 5. Bg2 O-O 6. O-O d6 7. c4 b5 8. Nfd2
bxc4 9. Nc3 Ba6 10. e4 Nbd7 11. Qa4 Qb6 12. Nxc4 Bxc4 13. Qxc4 Rab8 14. Rd1 Rfc8
15. h3 Qb4 16. Qe2 c4 17. Rb1 Ne5 18. Be3 a6 19. Bd4 Nd3 20. Qc2 Nd7 21. Bxg7
Kxg7 22. Bf1 N7c5 23. Rd2 Rc7 24. Bxd3 cxd3 25. Qd1 Nxe4 26. Nxe4 Qxe4 27. Rxd3
Rbc8 28. Re3 Qf5 29. Qe1 Qxd5 30. Rxe7 Rxe7 31. Qxe7 Qxa2 32. Qe4 Rc4 33. Qd3 d5
34. b3 Rc2 35. Qd4+ Kg8 36. Re1 Re2 37. Rxe2 Qxe2 38. Qxd5 1/2-1/2

[Event "European Blitz 2022"]
[Site "Katowice POL"]
[Date "2022.12.16"]
[Round "14.93"]
[White "Jonsson, Gauti Pall"]
[Black "Cukrowski, Filip"]
[Result "0-1"]
[BlackTitle "FM"]
[WhiteElo "2045"]
[BlackElo "2402"]
[WhiteFideId "2309092"]
[BlackFideId "1171097"]
[EventDate "2022.12.16"]

1. e4 e6 2. d3 d5 3. Nd2 c5 4. Ngf3 Nc6 5. g3 Nf6 6. Bg2 Be7 7. O-O O-O 8. Re1
dxe4 9. dxe4 e5 10. c3 h6 11. Qc2 Be6 12. Nf1 Qc7 13. Ne3 Rfd8 14. b3 b5 15. Bb2
c4 16. b4 a5 17. a3 Bf8 18. Nh4 g6 19. Red1 Rxd1+ 20. Rxd1 Rd8 21. Nd5 Bxd5 22.
exd5 Ne7 23. Bc1 axb4 24. axb4 Nexd5 25. Re1 Bg7 26. Nf3 e4 27. Nd4 Qd7 28. Bb2
Re8 29. Bxe4 Nxe4 30. Rxe4 Rxe4 31. Qxe4 Bxd4 32. Qxd4 Qe6 33. Kg2 Nf6 34. f3
Qe2+ 35. Qf2 Qxf2+ 36. Kxf2 Nd5 37. f4 f6 38. Kf3 Kf7 39. Ke4 Ke6 40. g4 f5+ 41.
gxf5+ gxf5+ 42. Kf3 Nf6 43. h3 Nd5 44. Ba1 Kf6 45. Bb2 Kg6 46. Ba1 Kh5 47. Kg3
Nf6 48. Bb2 Ne4+ 49. Kg2 Kh4 50. Ba1 Nf6 51. Bb2 Nd5 52. Ba1 Nxf4+ 53. Kf3 Nd5
54. Bb2 Kxh3 55. Bc1 Nxc3 56. Bxh6 Na2 57. Bg7 c3 58. Kf4 c2 59. Bb2 c1=R 60.
Bxc1 Nxc1 61. Kxf5 Nd3 62. Ke4 Nxb4 63. Kd4 Na6 64. Kc3 b4+ 65. Kc4 Kg4 0-1

[Event "European Blitz 2022"]
[Site "Katowice POL"]
[Date "2022.12.16"]
[Round "14.94"]
[White "Dragicevic, Drazen"]
[Black "Sokolowski, Ryszard"]
[Result "1-0"]
[WhiteTitle "FM"]
[WhiteElo "2345"]
[BlackElo "2020"]
[WhiteFideId "1707922"]
[BlackFideId "1103156"]
[EventDate "2022.12.16"]

1. Nf3 c5 2. g3 b6 3. Bg2 Bb7 4. O-O Nf6 5. c4 e6 6. Nc3 Be7 7. d4 cxd4 8. Qxd4
O-O 9. Rd1 Nc6 10. Qf4 Bb4 11. Nb5 Ne7 12. Nd6 Bc6 13. a3 Ng6 14. Qe3 Bc5 15.
Qd2 Qe7 16. b4 Bxd6 17. Qxd6 Qxd6 18. Rxd6 Ne4 19. Rd3 d5 20. cxd5 Bxd5 21. Bb2
Rac8 22. Nd2 Nxd2 23. Rxd2 Bxg2 24. Kxg2 Rfd8 25. Rad1 Rxd2 26. Rxd2 Kf8 27. Rd7
Rc2 28. Bd4 e5 29. Be3 f5 30. Rxa7 b5 31. Bc5+ Ke8 32. Rxg7 f4 33. Rxh7 Rxe2 34.
Rg7 1-0

[Event "European Blitz 2022"]
[Site "Katowice POL"]
[Date "2022.12.16"]
[Round "14.95"]
[White "Kruckenhauser, Arthur"]
[Black "Walter, Ema"]
[Result "1-0"]
[WhiteTitle "FM"]
[WhiteElo "2339"]
[BlackElo "2041"]
[WhiteFideId "1642812"]
[BlackFideId "14960710"]
[EventDate "2022.12.16"]

1. e4 e5 2. Nf3 Nc6 3. Nc3 Nf6 4. a3 d5 5. Bb5 d4 6. Ne2 Bd6 7. d3 h6 8. O-O a6
9. Bc4 Be6 10. Bxe6 fxe6 11. c3 Bc5 12. b4 Ba7 13. Qb3 Qd7 14. cxd4 exd4 15. Nf4
Nd8 16. Ne5 Qd6 17. Neg6 Rg8 18. e5 Qc6 19. exf6 gxf6 20. Bb2 Rg7 21. Rfe1 Kd7
22. Nf8+ Kc8 23. N8xe6 1-0

[Event "European Blitz 2022"]
[Site "Katowice POL"]
[Date "2022.12.16"]
[Round "14.96"]
[White "Baliasnyj, Timur"]
[Black "Muter, Donny"]
[Result "0-1"]
[WhiteElo "2197"]
[BlackElo "2206"]
[WhiteFideId "12802719"]
[BlackFideId "409170"]
[EventDate "2022.12.16"]

1. Nf3 d6 2. c4 Nf6 3. g3 c6 4. Bg2 Qc7 5. O-O e5 6. Nc3 Be7 7. b4 Bg4 8. Rb1
O-O 9. b5 Nbd7 10. bxc6 bxc6 11. d3 Nc5 12. Ba3 Nfd7 13. Nd2 Rab8 14. Qc2 Rb6
15. Nde4 Nxe4 16. Nxe4 Be6 17. Bb4 Ra6 18. Bc3 f5 19. Nd2 d5 20. cxd5 cxd5 21.
Rfc1 Rc8 22. Qd1 Rc6 23. Bb2 Rc2 24. Nc4 Rxc1 25. Rxc1 dxc4 26. dxc4 Bc5 0-1

[Event "European Blitz 2022"]
[Site "Katowice POL"]
[Date "2022.12.16"]
[Round "14.97"]
[White "Sidletskyi, Ivan"]
[Black "Wisniewski, Michal"]
[Result "0-1"]
[BlackTitle "FM"]
[WhiteElo "2152"]
[BlackElo "2168"]
[WhiteFideId "14156024"]
[BlackFideId "1159682"]
[EventDate "2022.12.16"]

1. e4 Nf6 2. e5 Nd5 3. d4 d6 4. Nf3 g6 5. exd6 cxd6 6. Bd3 Bg7 7. O-O O-O 8. c3
Nc6 9. h3 e5 10. dxe5 dxe5 11. Na3 Be6 12. Ng5 Bc8 13. Bc4 Nce7 14. Ne4 a6 15.
Bg5 f6 16. Be3 b5 17. Bxd5+ Qxd5 18. Qxd5+ Nxd5 19. Bc5 Rd8 20. Rad1 Be6 21. c4
bxc4 22. Nxc4 Nf4 23. Nb6 Rab8 24. a4 Bb3 25. Ra1 f5 26. Nc3 Nd3 27. Be7 Re8 28.
Nd7 Rb7 29. Nf6+ Bxf6 30. Bxf6 h6 31. Bh4 g5 32. Bg3 f4 33. Bh2 Kg7 34. f3 Rc8
35. Ne4 Rc2 36. Rad1 Nxb2 37. Rd6 Nxa4 38. Rxa6 Bc4 39. Rxa4 Bxf1 40. Ra1 Bxg2
41. Rd1 Bxf3 42. Re1 Bxe4 43. Rxe4 Rb1+ 0-1

[Event "European Blitz 2022"]
[Site "Katowice POL"]
[Date "2022.12.16"]
[Round "14.98"]
[White "Raczek, Krzysztof"]
[Black "Jedrusik, Adam"]
[Result "1-0"]
[WhiteElo "2161"]
[BlackElo "1951"]
[WhiteFideId "21005303"]
[BlackFideId "21802122"]
[EventDate "2022.12.16"]

1. Nf3 d5 2. g3 Bg4 3. Ne5 Bf5 4. Bg2 Nd7 5. Nxd7 Qxd7 6. c4 e6 7. O-O Nf6 8. d4
c6 9. Qb3 Bd6 10. Nc3 O-O 11. Bg5 Ne4 12. Be3 a6 13. Rac1 h5 14. Rfd1 Nf6 15.
Bg5 Nh7 16. Bd2 Be7 17. e4 dxe4 18. Nxe4 h4 19. Bf4 Bxe4 20. Bxe4 Nf6 21. Bg2
Rad8 22. Qf3 hxg3 23. hxg3 Ne8 24. d5 exd5 25. cxd5 cxd5 26. Rxd5 Qa4 27. Rxd8
Bxd8 28. Qxb7 Qxa2 29. Rc8 Nf6 30. Bf1 a5 31. Bd6 Re8 32. Qa8 Qxb2 33. Rxd8 Rxd8
34. Qxd8+ Kh7 35. Bd3+ Kh6 36. Qh8+ Kg5 37. Qxg7+ 1-0